| 000 | 00600nam a2200217 u 4500 | ||
|---|---|---|---|
| 005 | 20231101063711.0 | ||
| 008 | 170518s2014 mx r 000 0 spa d | ||
| 020 | _a9786079397081 (Mantis) | ||
| 020 | _a9786075200927 (UACJ) | ||
| 035 | _aUPN01000217892 | ||
| 049 | _aCG | ||
| 050 | 4 |
_aPQ7298.13 O7.6 _bD6.6 |
|
| 100 | 1 |
_aCortázar, Enrique, _d1944- _940820 |
|
| 245 | 1 | 0 |
_aDon de la tarde / _cEnrique Cortázar. |
| 260 |
_aGuadalajara : _bMantis : _bUACJ, _c2014. |
||
| 300 |
_a72 p. : _bil. |
||
| 440 | 0 | _aLiminar | |
| 650 | 4 |
_aPoesía mexicana _91273 |
|
| 905 | _aLibro | ||
| 999 |
_c189992 _d189992 |
||